书目信息 |
| 题名: |
胶体化学实验
|
|
| 作者: | 拉甫罗夫 主编 ;陈宗琪 译 | |
| 分册: | ||
| 出版信息: | 济南 山东大学出版社 1987 |
|
| 页数: | 272页 | |
| 开本: | 20cm | |
| 丛书名: | ||
| 单 册: | ||
| 中图分类: | O648 | |
| 科图分类: | ||
| 主题词: | 胶体化学--实验 | |
| 电子资源: | ||
| ISBN: | 7-5607-0021-7 | |
| 000 | 00731nam0 2200241 45 | |
| 001 | 0193001379 | |
| 005 | 20060718170723.39 | |
| 010 | @dCNY1.35@a7-5607-0021-7 | |
| 100 | @a19930104d1987 em y0chiy0121 ea | |
| 101 | 1 | @achi |
| 102 | @aCN@b110000 | |
| 102 | @aCN@b370000 | |
| 105 | @ay z 000yy | |
| 200 | 10 | @a胶体化学实验@AJIAO TI HUA XUE SHI YAN@f(苏)拉甫罗夫主编@F(su)la fu luo fu zhu bian@g陈宗琪等译@Gchen zong qi deng yi |
| 210 | @a济南@c山东大学出版社@d1987 | |
| 215 | @a272页@d20cm | |
| 540 | 1 | @a胶体化学 实验@AJIAO TI HUA XUE SHI YAN |
| 606 | @a胶体化学@x实验 | |
| 690 | @aO648@v4 | |
| 701 | 1 | @a拉甫罗夫@4主编 |
| 702 | 0 | @a陈宗琪@Achen zong qi@4译 |
| 801 | 0 | @aCN@bTSSF@c20060718 |
| 905 | @a10447@dO648@e10 | |
| 胶体化学实验/(苏)拉甫罗夫主编/陈宗琪等译.-济南:山东大学出版社,1987 |
| 272页;20cm |
| ISBN 7-5607-0021-7:CNY1.35 |
| ● |
| 相关链接 |
|
|
|
|
正题名:胶体化学实验
索取号:O648/10
 
预约/预借
| 序号 | 登录号 | 条形码 | 馆藏地/架位号 | 状态 | 备注 |
| 1 | 0432527 | 204325275 | 密集书库/ [索取号:O648/10] | 在馆 | |
| 2 | 0432558 | 204325587 | 密集书库/ [索取号:O648/10] | 在馆 |